| 000 | 00354nam a22001217a 4500 | ||
|---|---|---|---|
| 020 | _a07-038835-0 | ||
| 082 | _a621.3815 LOW'E | ||
| 100 |
_aLOWENBERG, E. C _977877 |
||
| 245 | _aELECTRIC CIRCUITS SCHAUMS OUTLINE SERIES INCLUDING 160 SOLVED PROBLEMS COMPLETED SOLVED IN DETAILED | ||
| 260 |
_aNEWYORK _bMCGRAW HILL _c1980 |
||
| 300 | _a274P | ||
| 942 | _cBK | ||
| 999 |
_c583067 _d583067 |
||